00442nam a2200181Ia 4500008004100000020001800041245004800059260001500107260001600122260000900138300001500147300002500162300001000187440002900197440000700226500000800233999001900241170705s9999 xx 000 0 und d a9780439678049 4aThe case of the double trouble detectives / aNew York : bScholastic, c2005 a79 pages : bcolor illustration ; c20cm. aA jigsaw Jones Mystery ; v26 a470 c335824d335824